MARC details
| 000 -LÍDER |
| campo de controle de tamanho fixo |
01506nam a22003617a 4500 |
| 001 - NÚMERO DE CONTROLE |
| campo de controle |
BR8300208 |
| 003 - IDENTIFICADOR DO NÚMERO DE CONTROLE |
| campo de controle |
BR-BrBNA |
| 005 - DATA E HORÁRIO DA ÚLTIMA TRANSAÇÃO |
| campo de controle |
20230928091600.0 |
| 007 - CAMPO FIXO DE DESCRIÇÃO FÍSICA--INFORMAÇÃO GERAL |
| campo de controle de tamanho fixo |
ta |
| 008 - CAMPO DE DADOS FIXOS--INFORMAÇÃO GERAL |
| campo de controle de tamanho fixo |
230509b bl.||||| |||| 00| 0 por d |
| 040 ## - FONTE DA CATALOGAÇÃO |
| Instituição da catalogação original |
BR-BrBNA |
| Idioma da catalogação |
por |
| Instituição que transcreveu o registro |
Biblioteca Nacional de Agricultura |
| 041 ## - CÓDIGO DE IDIOMA |
| Código do idioma do texto/trilha sonora ou título diferente |
(Por) |
| 072 ## - CÓDIGO DE CATEGORIA DE ASSUNTO |
| Código de Categoria de Assunto |
F25 |
| Código do objeto |
0170 |
| -- |
3830 |
| -- |
/G514 |
| 090 ## - NÚMERO DE CHAMADA LOCAL |
| -- |
0170 BR8300208 |
| 100 1# - ENTRADA PRINCIPAL--NOME PESSOAL |
| Nome pessoal |
Kaminski, J. |
| 110 1# - ENTRADA PRINCIPAL--NOME CORPORATIVO |
| Nome corporativo ou nome da jurisdição |
Escola Superior de Agricultura Luiz de Queiroz, Piracicaba, SP (Brasil) |
| Grau Universitário |
Tese (Doutor em Agronomia) |
| 245 1# - TÍTULO |
| Título |
Efeito de cinco fosfatos pre-, CO- E POS-APLICADOS AO CALCARIO NO SUPRIMENTO DE FOSFORO AO SORGO (Sorghum bicolor (L.)Moench, cv. Contibrasil), em tres solos acidos [solo arenoso, solo argiloso, Rio Grande do Sul, Minas Gerais, Sao Paulo, Brasil] |
| 246 1# - FORMA VARIANTE DO TÍTULO |
| Título/título abreviado |
Effect of phosphate forms in supplying phosphorus for sorghum plants (Sorghum bicolor (L.), Moench, cv. Contibrasil), when prior-, CO- and post-applied to lime, in trhee acid soils [sandy soil, clayish soil, Rio Grande do Sul, Minas Gerais, Sao Paulo, Brazil] |
| 260 3# - PUBLICAÇÃO, DISTRIBUIÇÃO, ETC. |
| Local de publicação, distribuição, etc. |
Piracicaba, SP (Brasil): |
| Data da publicação, distribuição, etc. |
1983. |
| 300 ## - DESCRIÇÃO FÍSICA |
| Extensão |
135 p. |
| 500 ## - NOTA GERAL |
| Nota geral |
8 illus.; 38 tables; Bibliography p. 102-114 (90 ref.); Summaries (Eng, Por) |
| 650 ## - ASSUNTO--TERMO TÓPICO |
| Cabeçalho tópico ou nome geográfico |
SORGO |
| 650 ## - ASSUNTO--TERMO TÓPICO |
| Cabeçalho tópico ou nome geográfico |
FOSFATO |
| 650 ## - ASSUNTO--TERMO TÓPICO |
| Cabeçalho tópico ou nome geográfico |
FOSFORO |
| 650 ## - ASSUNTO--TERMO TÓPICO |
| Cabeçalho tópico ou nome geográfico |
CALCARIO |
| 650 ## - ASSUNTO--TERMO TÓPICO |
| Cabeçalho tópico ou nome geográfico |
SOLO ARENOSO |
| 650 ## - ASSUNTO--TERMO TÓPICO |
| Cabeçalho tópico ou nome geográfico |
SOLO ARGILOSO |
| 650 ## - ASSUNTO--TERMO TÓPICO |
| Cabeçalho tópico ou nome geográfico |
RIO GRANDE DO SUL |
| 650 ## - ASSUNTO--TERMO TÓPICO |
| Cabeçalho tópico ou nome geográfico |
MINAS GERAIS |
| 650 ## - ASSUNTO--TERMO TÓPICO |
| Cabeçalho tópico ou nome geográfico |
SAO PAULO |
| 909 ## - |
| -- |
202309 |
| -- |
Lucia |
| -- |
55 |
| -- |
Lucia Elande |
| 942 ## - ELEMENTOS DE ENTRADA ADICIONADOS (KOHA) |
| Tipo de material Koha |
Livros |